| 000 | 00571nam a22002177a 4500 | ||
|---|---|---|---|
| 003 | Ost | ||
| 005 | 20260312052148.0 | ||
| 008 | 260312b |||||||| |||| 00| 0 eng d | ||
| 020 | _a9789355738905 | ||
| 040 | _cBT-PhCST | ||
| 050 | _a25731-25732 | ||
| 082 |
_222 _a005.8 _bWHI |
||
| 100 | _a Whitman, Michael E. | ||
| 245 | _aPrinciples of information security / | ||
| 250 | _a7th ed. | ||
| 260 |
_aIndia : _bCengage Learning, _cc2022. |
||
| 300 |
_axx, 536 p. : _bill. ; _c28 cm. |
||
| 500 | _aIncludes index. | ||
| 700 | _aMattord, Herbert J. | ||
| 942 |
_2ddc _cIT |
||
| 999 |
_c10187 _d10187 |
||